Sports Quiz

Random Sports or Basketball Quiz
Score 0/60 Timer 10:00
0 Plays Today
Points Player % Correct
32,292^Michael Jordan
98.8%
31,617*Kobe Bryant
98.8%
38,387^Kareem Abdul Jabbar
98.2%
27,409^Moses Malone
98.2%
36,928^Karl Malone
97.6%
28,596Shaquille O'Neal
97.6%
25,274*Kevin Garnett
97.1%
21,081*Lebron James
97.1%
26,946^Hakeem Olajuwon
96.5%
23,785*Tim Duncan
95.9%
31,419^Wilt Chamberlain
95.3%
24,815^Patrick Ewing
95.3%
24,021*Paul Pierce
95.3%
24,368Allen Iverson
94.7%
20,790^David Robinson
94.7%
25,279^Reggie Miller
94.1%
25,192^Jerry West
94.1%
25,051*Dirk Nowitzki
94.1%
21,791^Larry Bird
94.1%
19,591Clifford Robinson
94.1%
26,710^Oscar Robertson
92.4%
23,757^Charles Barkley
92.4%
22,223*Vince Carter
92.4%
26,668^Dominique Wilkins
91.8%
23,804*Ray Allen
91.2%
21,813^Gary Payton
90.6%
22,195^Clyde Drexler
90%
18,822^Isiah Thomas
90%
18,940^Scottie Pippen
88.8%
26,395^John Havlicek
88.2%
Points Player % Correct
23,149^Elgin Baylor
87.6%
19,711^John Stockton
87.1%
18,381*Tracy McGrady
86.5%
25,613^Alex English
85.9%
18,364^Julius Erving
85.9%
23,334^Robert Parish
85.3%
20,708^George Gervin
85.3%
20,880^Bob Pettit
84.1%
19,202Eddie Johnson
83.5%
27,313^Elvin Hayes
82.4%
19,655^Bernard King
75.9%
23,177^Adrian Dantley
73.5%
19,958*Antawn Jamison
73.5%
18,395^Rick Barry
72.9%
18,787^Bob McAdoo
68.2%
20,497Mitch Richmond
64.1%
18,438^Dolph Schayes
60%
19,248^Bob Lanier
56.5%
20,049Tom Chambers
55.9%
21,586^Hal Greer
54.1%
18,458Mark Aguirre
54.1%
18,327^Dave Bing
54.1%
18,336Glen Rice
53.5%
19,181^Gail Goodrich
52.9%
19,521Walter Davis
44.1%
20,941^Walt Bellamy
41.2%
19,015Reggie Theus
33.5%
18,831^Chet Walker
33.5%
19,004Dale Ellis
32.9%
19,460Terry Cummings
31.2%
Remove Ads.
Support Sporcle.
Get the best of Sporcle when you Go Orange. This ad-free experience offers more features, more stats, and more fun while also helping to support Sporcle. Thank you for becoming a member.

You're not logged in!

Compare scores with friends on all Sporcle quizzes.
OR
Log In

Show Comments

Extras

Top Quizzes Today


Score Distribution

Your Account Isn't Verified!

In order to create a playlist on Sporcle, you need to verify the email address you used during registration. Go to your Sporcle Settings to finish the process.

Report this User

Report this user for behavior that violates our Community Guidelines.

Details: